00779 2200289 4500001002100000005001500021035002500036007000300061008004100064020002200105040001700127041000800144082001400152084001600166090002000182090002100202100003700223245005200260250001100312260003600323300003800359650002300397650001500420850001200435999002100447990002100468INLIS00000000003280920190924123129 a0010-121700000000082ta171219s2017 yoia g 0 ind d a978-602-453-032-7 aYOPDYOGbind0 aind04223a006.6 a006.6 Rez M aDEP 006.6 Rez M aCB-D.11 2017-7211 aReza Bayu Kurniawan, V.epenulis1 aModul AIP beginner AA /cV. Reza Bayu Kurniawan aCet. 1 aYogyakarta :bDeepublish,c2017 aviii, 305 hlm. :bilus. ;c25 cm. 4aKomputer--xGrafis 4aPermesinan aYOPDYOG aCB-D.11/2017-721 aCB-D.11/2017-721